Straw Hat Crew Quiz Stats

 Plays Quiz not verified by Sporcle

Challenge
Share
Tweet
Embed
Score 0/9 Timer 10:00
0 Plays Today
Hint Answer % Correct
Straw HatsMonkey D. Luffy
100%
Beautiful PiratesCavendish
75%
Barto ClubBartolomeo
75%
HappoSai
75%
Gum Martial Arts AllianceIdeo
75%
Tonta CorpsLeo
75%
Yonta Maria Grand FleetOrlumbus
75%
Short Alliance (Heart Pirates)Trafalgar Law
75%
Giant Warrior PiratesHajrudin
62.5%

You're not logged in!

Compare scores with friends on all Sporcle quizzes.
Join for Free
OR
Log In

You Might Also Like...

Show Comments

Extras

Created Feb 16, 2017ReportNominate
Tags:captain, crew, fleet, grand, hat, straw

Top Quizzes Today


Score Distribution

Your Account Isn't Verified!

In order to create a playlist on Sporcle, you need to verify the email address you used during registration. Go to your Sporcle Settings to finish the process.

Report this User

Report this user for behavior that violates our Community Guidelines.

Details: